Language Quiz

Random Language or Italian Quiz

23. La stanza da letto Quiz Stats

 Plays Quiz not verified by Sporcle

Score 0/20 Timer 10:00
0 Plays Today
english italian % Correct
bedil letto
77.8%
armoir / closetl'armadio
55.6%
mirrorlo specchio
44.4%
coatrackl'attaccapanni
33.3%
alarm clockla sveglia
33.3%
pillowil cuscino
33.3%
puff / comforteril piumone
33.3%
blanketla coperta
33.3%
lampla lampada
33.3%
carpet / rugil tappeto
33.3%
english italian % Correct
jewelry boxil portagioie
22.2%
bureaula cassettiera
22.2%
draweri cassetti
22.2%
headboard (bed)la testiera
22.2%
pillowcasela federa
22.2%
mattressil matterasso
22.2%
bed springsla rete
22.2%
sheetil lensuolo
22.2%
ceiling fanla ventola a soffitto
22.2%
nightstandil comodino
22.2%

You're not logged in!

Compare scores with friends on all Sporcle quizzes.
OR
Log In

Show Comments

Extras

Created Oct 24, 2010ReportNominate
Tags:Italian Quiz, English, stanza

Top Quizzes Today


Score Distribution

Your Account Isn't Verified!

In order to create a playlist on Sporcle, you need to verify the email address you used during registration. Go to your Sporcle Settings to finish the process.

Report this User

Report this user for behavior that violates our Community Guidelines.

Details: